Paroles - Selfless, The Strokes - Statistiques

Statistiques générales
  • Ce quiz a été pris 12 fois
  • Le résultat moyen est 124 sur 162
Statistiques - réponses
Paroles % Correct
a
100%
be
100%
don’t
100%
dont
100%
I
100%
love
100%
my
100%
the
100%
want
100%
you
100%
you,
100%
all
88%
Can
88%
‘cause
88%
for
88%
hand
88%
have
88%
is
88%
live
88%
lost,
88%
Please
88%
selfless
88%
Time
88%
way
88%
we
88%
will
88%
without
88%
Yeah,
88%
yeah
88%
yeah,
88%
Yeah-eah
88%
your
88%
but
75%
dark
75%
face,
75%
face
75%
fault
75%
hear?
75%
in
75%
Life
75%
light
75%
long,
75%
short,
75%
side
75%
that’s
75%
too
75%
wait
75%
Why’d
75%
across
63%
and
63%
body?
63%
century
63%
judge
63%
Lay
63%
let
63%
mucking
63%
no
63%
not
63%
off,
63%
out?
63%
them
63%
what
63%
Bite
50%
can’t
50%
care
50%
fun
50%
How
50%
I’ll
50%
I’m
50%
just
50%
never
50%
scared,
50%
story?
50%
tell
50%
there
50%
there,
50%
tongue,
50%
turn
50%
You’re
50%
around
38%
did
38%
enemy
38%
fit
38%
learned
38%
lesson
38%
listening,
38%
outside,
38%
this
38%
waited
38%
waiting
38%
Waste
38%
where
38%
breath,
25%
He’s
25%
now
13%
Aucun quiz correspondant
Distribution des résultats
% des personnes avec chaque résultat
Percentile par nombre de réponses
Votre historique - résultats
Vous n’avez pas pris ce quiz